SISTEMA DE BIBLIOTECAS
Carmen Mendoza De Cornielle

Los recursos del procedimiento civil (Registro nro. 2222)

Detalles MARC
000 -LEADER
fixed length control field 00441nam a2200145Ia 4500
008 - FIXED-LENGTH DATA ELEMENTS--GENERAL INFORMATION
fixed length control field 211106s9999||||xx |||||||||||||| ||und||
020 ## - INTERNATIONAL STANDARD BOOK NUMBER
International Standard Book Number 99934-68-82-7
040 ## - CATALOGING SOURCE
Original cataloging agency UNEFA
100 ## - MAIN ENTRY--PERSONAL NAME
Personal name Alarcon Edynson
245 #0 - TITLE STATEMENT
Title Los recursos del procedimiento civil
Remainder of title Comentarios Dotrinales y Formatos Procesales
245 #0 - TITLE STATEMENT
Statement of responsibility, etc. Ciencias Juridicas y Politicas
250 ## - EDITION STATEMENT
Edition statement Editoras Juridicas Trajao Potentini
260 ## - PUBLICATION, DISTRIBUTION, ETC.
Place of publication, distribution, etc. 2006
650 ## - SUBJECT ADDED ENTRY--TOPICAL TERM
Topical term or geographic name entry element DERECHO
Existencias
Withdrawn status Lost status Damaged status Not for loan Home library Current library Date acquired Total Checkouts Barcode Date last seen Price effective from Koha item type
      Disponible para préstamo UNEFA UNEFA 11/05/2021   UNEFA2564 11/05/2021 11/05/2021 Libro
UNIREMHOS

Av. Abraham Lincoln no. 126, casi esq. José Contreras,
Santo Domingo, República Dominicana

Correo: info@uniremhos.edu.do

Tel.: (809) 532-3739

Horario: Lunes a Viernes: 8:00 am - 6:00 pm | Sábados: 8:00 am - 12:00 m

📍 Ubicación
UNEFA

Av. 27 de Febrero no. 52, El Vergel,
Santo Domingo, República Dominicana

Tel.: (809) 530-0224

📍 Ubicación
UFHEC

Av. Máximo Gómez esq. César Nicolás Penson, La Esperilla,
Santo Domingo, República Dominicana

Tel.: (809) 537-6000

📍 Ubicación